Sobotta : (Registro nro. 30095)

Detalles MARC
000 -LEADER
fixed length control field 01827nam a2200337Ia 4500
003 - CONTROL NUMBER IDENTIFIER
control field CO-CtgCURN
005 - DATE AND TIME OF LATEST TRANSACTION
control field 20250410161412.0
008 - FIXED-LENGTH DATA ELEMENTS--GENERAL INFORMATION
fixed length control field 190725s2012 xx f 000 0 und d
020 ## - INTERNATIONAL STANDARD BOOK NUMBER
International Standard Book Number 9788480868747 (obra completa)
020 ## - INTERNATIONAL STANDARD BOOK NUMBER
International Standard Book Number 9788480868723 (vol. 2)
040 ## - CATALOGING SOURCE
Original cataloging agency CO-CtgCURN
Language of cataloging spa
Transcribing agency coctgcurn
082 ## - DEWEY DECIMAL CLASSIFICATION NUMBER
Classification number 611
Item number S677o
245 #0 - TITLE STATEMENT
Title Sobotta :
Remainder of title atlas de anatomía humana : órganos internos /
Statement of responsibility, etc. editores., Friedrich Paulsen, Jens Waschke; traducción y revisión científica., Bruno Gotzens de José María, Víctor Gotzens García
250 ## - EDITION STATEMENT
Edition statement 23 edición
260 ## - PUBLICATION, DISTRIBUTION, ETC.
Place of publication, distribution, etc. Barcelona, España :
Name of publisher, distributor, etc. Elsevier,
Date of publication, distribution, etc. 2012
300 ## - PHYSICAL DESCRIPTION
Extent 264 páginas :
Other physical details imágenes ;
Dimensions 32 centímetros
500 ## - GENERAL NOTE
General note Título original: Atlas der Anatomie des Menschen. Kopf, Hals und Neuroanatomie.
500 ## - GENERAL NOTE
General note Incluye prólogo e índices
505 ## - FORMATTED CONTENTS NOTE
Formatted contents note 1. Vísceras torácicas -- Corazón -- Pulmón -- Esófago -- Timo -- Topografía -- 2. Vísceras abdominales -- Desarrollo -- Estomago -- intestino -- Hígado y vesícula biliar -- Páncreas -- Bazo -- Topografías -- Secciones -- 3. Pelvis y espacio retroperitoneal -- Riñón y glándula suprarrenal -- Vías urinarias -- Órganos genitales -- Recto y conducto anal -- Topografía -- Secciones.
521 ## - TARGET AUDIENCE NOTE
Target audience note AREA PROFESIONAL
546 ## - LANGUAGE NOTE
Language note Traducido del Alemán
590 ## - LOCAL NOTE (RLIN)
Local note Programa de Enfermería_27
650 ## - SUBJECT ADDED ENTRY--TOPICAL TERM
Topical term or geographic name entry element anatomía humana
9 (RLIN) 3281
700 ## - ADDED ENTRY--PERSONAL NAME
Personal name Paulsen, Friedrich
Relator term editor
-- prólogo
700 ## - ADDED ENTRY--PERSONAL NAME
Personal name Waschke, Jens
Relator term editor
-- prólogo
700 ## - ADDED ENTRY--PERSONAL NAME
Personal name Gotzens de José María, Bruno
Relator term traduccion
-- revisión científica
700 ## - ADDED ENTRY--PERSONAL NAME
Personal name Gotzens García, Víctor
Relator term traducción
-- revisión científica
942 ## - ADDED ENTRY ELEMENTS (KOHA)
Koha item type Libros
Classification part 611
Item part S677o
Source of classification or shelving scheme Dewey Decimal Classification
Suppress in OPAC No
Existencias
Withdrawn status Lost status Damaged status Not for loan Collection Home library Current library Shelving location Date acquired Inventory number Total checkouts Full call number Barcode Date last seen Copy number Price effective from Koha item type
          Miguel Henríquez Castañeda Barranquilla Miguel Henríquez Castañeda Barranquilla General 05/23/2018 03786   611 S677o 03786 07/25/2019 ej.1 07/25/2019 Libros
          Miguel Henríquez Castañeda Barranquilla Miguel Henríquez Castañeda Barranquilla General 05/23/2018 03787   611 S677o 03787 07/25/2019 ej.2 07/25/2019 Libros